| 000 | 00535nam a2200205 a 4500 | ||
|---|---|---|---|
| 005 | 20140310183439.0 | ||
| 008 | 080208s19uu xx 00 eng d | ||
| 020 | _a1841124109 | ||
| 050 |
_aHD 69.B7 _b.C665 2002 |
||
| 100 | _aCoomber, Stephen | ||
| 245 | _aBranding. / | ||
| 260 |
_aUnited Kingdom : _bCapstone Publishing, _c2002. |
||
| 300 |
_a124 p. : _bill. ; _c15 cm. |
||
| 521 | _aBSBA | ||
| 650 | _aBranding (Marketing). | ||
| 650 | _aBusiness names. | ||
| 650 | _aMarketing. | ||
| 942 |
_cBK _2lcc _kFOR |
||
| 999 |
_c23025 _d23025 |
||